Statistiken für Verschiedene Fragen

Klicken Sie hier um das Quiz zu spielen!

Allgemein

  • Dieses Quiz wurde 141 mal gespielt
  • Das Durchschnittsergebnis liegt bei 6 aus 15

Antwortstatistiken

HintAntwort% Korrekt
Aktueller deutscher KanzlerOlaf Scholz
96%
Dänisches Spielzeughersteller von KlemmbausteinenLego
91%
Wort zum …Sonntag
76%
Welcher französische Feldheer unterwarf fast ganz Europa?Napoleon
75%
Wie viele Kaiser hatte das Deutsche Kaiserreich?2
71%
Filmfranchise welches in einer weit weit entfernten Galaxis spieltStar Wars
71%
Welcher Feldherr marschierte mit Elefanten über die Alpen?Hannibal
55%
Name der Serie die sich um den Teufel drehtLucifer
47%
Gegen welche Nation führten die Römer die drei punischen Kriege?Karthago
26%
Band die 2022 ihr 40 Jähriges Jubiläum feiertDie Toten Hosen
14%
Künstler Name hinter dem Lied AvenirLouane
5%
Bremer BürgermeisterAndreas Bovenschulte
2%
Größter Erfolg vom SV Werder BremenEuropapokalsieger der Pokalsieger
2%
Song der am 29.04.2022 rauskamTeufel
1%
Wie wurden die Preußen auch genannt?Hohen Zoller
0%

Verteilung der Resultate

Perzentil nach korrekt beantworteten Fragen

Anzahl Personen mit jedem Resultat

Ihre Resultats-Entwicklung

Sie haben dieses Quiz noch nicht gespielt